Ukrainian and Slovak Retail Consumers' Behavior

Maloobchod predstavuje významnú oblasť hospodárstva v každej krajine. Jeho vývoj má vplyv aj na iné sféry hospodárstva. Analýza správania spotrebiteľov v dvoch hospodárstvach. Na jednej strane je to slovenská ekonomika ako členský štát EÚ a na druhej strane je to ukrajinská ekonomika, ktorá nie je...

Descrizione completa

Salvato in:
Dettagli Bibliografici
Autore principale: Reshetnikova, Iryna L.
Altri autori: Dudáš-Pajerská, Erika, 1988-, Sahaidak, Mykhailo
Natura: Capitolo di libro
Lingua:inglese
Soggetti:
Tags: Aggiungi Tag
Nessun Tag, puoi essere il primo ad aggiungerne!!

MARC

LEADER 00000naa a2200000 4500
001 0238250
005 20240502073844.8
041 0 |a eng 
044 |a SK 
245 1 0 |a Ukrainian and Slovak Retail Consumers' Behavior  |c Irina L. Reshetnikova, Erika Dudáš-Pajerská, Mykhailo Sahaidak 
520 |a Maloobchod predstavuje významnú oblasť hospodárstva v každej krajine. Jeho vývoj má vplyv aj na iné sféry hospodárstva. Analýza správania spotrebiteľov v dvoch hospodárstvach. Na jednej strane je to slovenská ekonomika ako členský štát EÚ a na druhej strane je to ukrajinská ekonomika, ktorá nie je v EÚ, ale má kľúčovú súvislosť s touto integračnou skupinou (nielen kvôli jej integrácii ale aj geografickej polohy). 
610 2 0 |a správanie spotrebiteľa 
610 2 0 |a maloobchod 
610 2 0 |a Slovensko 
610 2 0 |a Ukrajina 
610 2 0 |a porovnanie medzinárodné 
100 1 |a Reshetnikova, Iryna L. 
700 1 |a Dudáš-Pajerská, Erika, 1988- 
700 1 |a Sahaidak, Mykhailo